00572 2200181 4500245004000000020002200040250001100062100002000073650001700093650001200110005001900122260004200141041001400183084001100197300002100208500015200229336000900381 aSecond HeartcLuna TorashynguhText a978-602-03-2331-2 aCet. 2 aLuna Torashyngu aNovel Remaja aTeenlit a20240131072038 aJakartabGramedia Pustaka Utamac2016 aIndonesia a808.83 a352 hlm :c20 cm aTiara mencoba melupakan peristiwa penculikan dirinya 6 bulan yang lalu. Dia telah kembali bersekolah tentu saja dengan pengawalan andra alias aster atext